Score 0/20 Timer 04:00
2 Plays Today
Rank Country % Correct
1Italy
99.6%
2United States
97.1%
14France
92.9%
12Spain
89.4%
9Germany
88.6%
16Canada
87%
10Mexico
86.1%
4Russia
83.2%
3Brazil
82.4%
19Japan
75.8%
Rank Country % Correct
11Argentina
74.7%
17Greece
69.3%
18Poland
63.3%
5Turkey
61.3%
13Peru
55.6%
20Colombia
54.6%
8Egypt
51.4%
7Venezuela
46.7%
6Iran
42.4%
15Tunisia
15%
Remove Ads.
Support Sporcle.
Get the best of Sporcle when you Go Orange. This ad-free experience offers more features, more stats, and more fun while also helping to support Sporcle. Thank you for becoming a member.

You're not logged in!

Compare scores with friends on all Sporcle quizzes.
OR
Log In

Sporcle TV

Today on Sporcle TV


Watch our educational content, quiz creation guides, and fun videos on Sporcle TV.

Show Comments

Extras

Top Quizzes Today


Score Distribution

Paid Content

Your Account Isn't Verified!

In order to create a playlist on Sporcle, you need to verify the email address you used during registration. Go to your Sporcle Settings to finish the process.

Report this User

Report this user for behavior that violates our Community Guidelines.

Details: